[Event "World Team-ch Women 2017"]
[Site "Khanty-Mansyisk"]
[Date "2017.06.19"]
[Round "3"]
[White "Ju, Wenjun"]
[Black "Pham, Le Thao Nguyen"]
[Result "1-0"]
[WhiteElo "2583"]
[BlackElo "2344"]
[Annotator "TA"]
[PlyCount "95"]
[EventDate "2017.??.??"]
[EventType "team-tourn"]
[EventCountry "RUS"]
[SourceTitle "playchess.com"]
[Source "ChessBase"]
[SourceQuality "1"]
[WhiteTeam "CHN"]
[BlackTeam "VIE"]
[WhiteTeamCountry "CHN"]
[BlackTeamCountry "VIE"]

{[%evp 9,95,12,28,30,29,17,35,36,30,36,35,33,33,34,29,38,30,38,39,39,39,39,38,28,28,28,20,20,50,50,58,64,66,69,89,81,114,114,116,39,87,73,120,114,116,78,83,88,107,100,114,118,90,123,142,122,136,136,186,193,327,313,438,412,820,776,943,882,805,806,787,584,547,549,999,885,12840,10743,5126,5018,29974,29975,29976,29977,29976,29975,6119,5929]} 1. d4 d5 2. c4 e6 3. Nc3 Bb4 4. cxd5 exd5 5. Bf4 c6 6. e3 {D31: Queen's Gambit Declined: Semi-Slav without ...Nf6 (+ Marshall Gambit and Noteboom) and Exchange Variation lines without ...Nf6} Ne7 7. h4 Bd6 8. Qf3 {White is slightly better.} h5 $146 ({Predecessor:} 8... a5 9. h5 h6 10. g4 Na6 11. Nh3 Nc7 12. g5 Bxf4 13. Qxf4 Ne6 14. Qg3 hxg5 {½-½ (41) Khismatullin,D (2651)-Jojua,D (2581) Minsk 2017}) 9. Bd3 Bg4 10. Qg3 $1 Bxf4 11. Qxf4 Qb6 12. Rb1 Na6 {[%cal Bb8a6,Ba6c7,Bc7e6][%mdl 32] Black wants to play ...Nb4.} 13. a3 Nc7 14. f3 Bd7 15. Nge2 Ne6 16. Qd6 Qc7 17. Qxc7 Nxc7 18. Ng3 O-O-O 19. Kf2 Rdg8 20. b4 f6 21. a4 {[%cal Ba3a4,Ba4b5][%mdl 32]} g5 22. b5 cxb5 23. axb5 b6 24. e4 (24. hxg5 $16 h4 25. Rxh4 (25. gxf6 hxg3+ 26. Ke2 Nf5 $11) 25... Rxh4 26. gxf6) 24... gxh4 25. Rxh4 Ng6 26. Rxh5 Nf4 27. Rxh8 Nxd3+ 28. Ke3 Rxh8 29. Kxd3 Rg8 30. Nh5 dxe4+ 31. fxe4 {[%cal Bf3e4,Be4e5][%mdl 32]} f5 32. e5 Rxg2 {[#]} 33. Nf6 $1 f4 34. Ke4 Rc2 (34... Rd2 $142 35. d5 Rc2) 35. Ncd5 $18 Ne6 36. Nxf4 Ng5+ (36... Nc7 $142 37. N4d5 Re2+ 38. Kf3 Rc2 39. Nxc7 Kxc7) 37. Kd5 Rf2 38. Nxd7 Rxf4 {[%mdl 4096] Endgame KRN-KRN} 39. Nf6 Nf3 40. Rd1 Kd8 41. Ne4 Nh2 42. Rh1 Ng4 43. Rh8+ Ke7 44. Rh7+ Kf8 45. e6 Ne3+ 46. Ke5 Rf5+ 47. Kd6 Nc4+ 48. Kd7 {Precision: White = 84%, Black = 37%.} 1-0

[Event "World Team-ch Women 2017"]
[Site "Khanty-Mansyisk"]
[Date "2017.06.19"]
[Round "3"]
[White "Lagno, Kateryna"]
[Black "Mamedjarova, Zeinab"]
[Result "1/2-1/2"]
[WhiteElo "2539"]
[BlackElo "2289"]
[Annotator "TA"]
[PlyCount "57"]
[EventDate "2017.??.??"]
[EventType "team-tourn"]
[EventCountry "RUS"]
[SourceTitle "playchess.com"]
[Source "ChessBase"]
[SourceQuality "1"]
[WhiteTeam "RUS"]
[BlackTeam "AZE"]
[WhiteTeamCountry "RUS"]
[BlackTeamCountry "AZE"]

{[%evp 20,57,54,56,76,66,69,50,45,36,41,31,21,7,9,7,7,0,12,0,0,-7,0,-6,-7,-6,0,-10,-10,-9,-7,-4,0,-3,0,0,0,0,0,0]} 1. e4 e5 2. Nf3 d6 3. d4 Nf6 4. dxe5 Nxe4 5. Qd5 Nc5 6. Bg5 Qd7 7. exd6 Bxd6 8. Nc3 Qe6+ {C41: Philidor Defence} 9. Be3 Qxd5 10. Nxd5 Ne6 11. Nd2 {LiveBook: 3 Games} Nd7 12. Nc4 $146 ({Predecessor:} 12. Ne4 Be5 13. f4 f5 14. Nec3 Bxc3+ 15. Nxc3 Nf6 16. O-O-O {½-½ (46) Solodovnichenko,Y (2582)-Predojevic,B (2628) Zlatibor 2007}) 12... Bc5 13. O-O-O Bxe3+ 14. Ncxe3 Nb6 15. Be2 (15. Bc4 $5) 15... Bd7 16. Rd2 {The position is equal.} Nxd5 17. Nxd5 c6 18. Ne3 O-O-O 19. Nc4 {[#] Nd6+ is the strong threat.} Kc7 20. Ne5 (20. Nd6 {keeps more tension.} Rhf8 21. Rhd1 Nf4 22. Bf1 Bg4 23. f3) 20... Bc8 21. Rhd1 ({But not} 21. Nxf7 Rxd2 22. Kxd2 Rf8 $17) (21. Bd3 $5 {[%cal Re5f7]} Rhf8 22. c3 $11 (22. Bxh7 Rxd2 23. Kxd2 g6 $15)) 21... Rxd2 22. Rxd2 Nd8 23. Bc4 f6 24. Nf7 Nxf7 25. Bxf7 Rf8 26. Bc4 Re8 (26... b5 $5 {[%cal Rb5c4]} 27. Bd3 Be6 $11) 27. Re2 Rxe2 28. Bxe2 Kd6 29. Kd2 {Precision: White = 43%, Black = 91%.} 1/2-1/2

[Event "World Team-ch Women 2017"]
[Site "Khanty-Mansyisk"]
[Date "2017.06.19"]
[Round "3"]
[White "Harika, Dronavalli"]
[Black "Ushenina, Anna"]
[Result "1/2-1/2"]
[WhiteElo "2535"]
[BlackElo "2458"]
[Annotator "TA"]
[PlyCount "123"]
[EventDate "2017.??.??"]
[EventType "team-tourn"]
[EventCountry "RUS"]
[SourceTitle "playchess.com"]
[Source "ChessBase"]
[SourceQuality "1"]
[WhiteTeam "IND"]
[BlackTeam "UKR"]
[WhiteTeamCountry "IND"]
[BlackTeamCountry "UKR"]

{[%evp 29,123,13,25,0,5,14,7,0,34,22,26,46,103,37,37,37,37,37,37,37,37,37,37,38,74,74,70,70,72,62,98,68,180,81,103,79,103,104,118,108,96,68,75,76,66,66,112,83,83,59,69,0,76,43,32,35,41,0,0,0,0,0,0,0,0,0,0,0,0,0,0,0,0,0,0,0,0,0,0,0,0,0,0,0,0,0,0,0,0,0,0,0,0,0,0,0]} 1. e4 c5 2. Nf3 e6 3. d4 cxd4 4. Nxd4 Nc6 5. Nc3 Qc7 6. Be2 Nf6 7. Be3 a6 8. O-O Be7 9. f4 d6 10. Qe1 O-O 11. Qg3 Nxd4 12. Bxd4 b5 13. a3 Bb7 14. Kh1 Rad8 15. Rae1 Bc6 16. Bd3 {B85: Sicilian Scheveningen: 6 Be2 a6, lines with early Be3} Qd7 {[#]} 17. Na2 $146 ({Predecessor:} 17. Rf3 g6 18. f5 exf5 19. Rxf5 Ne8 20. a4 Ng7 21. axb5 axb5 22. b4 Rde8 23. Bxg7 Kxg7 24. Bxb5 Bxb5 25. Rxb5 {½-½ (60) Stukopin,A (2586)-Ramirez,A (2550) Saint Louis 2017}) 17... Nh5 18. Qf2 e5 19. fxe5 dxe5 20. Bxe5 Nf6 (20... Qe6 $14 21. Qf5 Qxf5 22. exf5 Rfe8) 21. Bxf6 ({Better is} 21. Bc3 $16) 21... Bxf6 $14 22. e5 Be7 23. Nb4 Bb7 24. Be4 Bxb4 25. axb4 Bxe4 26. Rxe4 $40 {[%mdl 128] White is up to no good.} Qd2 27. h3 Qd5 28. Rfe1 Rfe8 29. c3 Qb3 30. Kh2 Rd7 {[#]} (30... Qe6 $14) 31. R1e2 (31. e6 $1 $18 {[%cal Re6f7][%mdl 512] has better winning chances.} fxe6 (31... Rxe6 32. Qb6) 32. Qb6) 31... Rde7 32. Qg3 Qd1 33. Qf4 Qd7 34. Rd4 Qc7 35. Red2 h6 36. Rd6 Rxe5 37. Rxa6 Qe7 38. Ra1 Re4 39. Qg3 Re3 40. Qf4 Re4 41. Qd6 Qxd6+ 42. Rxd6 {[%mdl 4096] Endgame KRR-KRR} Re2 43. Rad1 Rxb2 {The position is equal.} 44. Rd8 Rbe2 45. R1d5 Rxd8 46. Rxd8+ $11 {KR-KR} Kh7 47. Rd5 Re3 48. Rc5 g5 49. Kg1 Kg6 50. Kf2 Rd3 51. Ke2 Rg3 52. Kf2 Rd3 53. Rxb5 {Threatens to win with c4.} Rxc3 54. Rc5 Rb3 55. b5 h5 56. Ke2 h4 57. Rc6+ Kh5 58. b6 f5 59. Kd2 g4 60. Kc2 Rb5 61. Kd3 g3 62. Kc3 {Precision: White = 43%, Black = 62%.} (62. Kc4 $5 {[%cal Rc4b5]} Rb1 63. Kc5 $11) 1/2-1/2

[Event "World Team-ch Women 2017"]
[Site "Khanty-Mansyisk"]
[Date "2017.06.19"]
[Round "3"]
[White "Lei, Tingjie"]
[Black "Vo, Thi Kim Phung"]
[Result "1-0"]
[WhiteElo "2488"]
[BlackElo "2378"]
[Annotator "TA"]
[PlyCount "71"]
[EventDate "2017.??.??"]
[EventType "team-tourn"]
[EventCountry "RUS"]
[SourceTitle "playchess.com"]
[Source "ChessBase"]
[SourceQuality "1"]
[WhiteTeam "CHN"]
[BlackTeam "VIE"]
[WhiteTeamCountry "CHN"]
[BlackTeamCountry "VIE"]

{[%evp 21,71,35,20,0,11,20,89,74,66,-4,2,20,57,59,79,20,54,45,76,43,114,118,154,149,264,264,342,339,437,418,430,448,499,523,544,472,433,450,540,538,481,475,780,760,1266,1219,2261,2190,29991,29992,29995,29996]} 1. d4 d5 2. c4 c6 3. Nf3 Nf6 4. e3 Bf5 5. Nc3 e6 6. Nh4 Bg4 7. Qb3 Qb6 8. h3 Bh5 9. g4 Bg6 10. Nxg6 {D12: Slav Defence: 3 Nf3 Nf6 4 e3 Bf5} hxg6 11. g5 Ng8 {LiveBook: 21 Games} 12. c5 {The position is equal.} Qc7 13. e4 {Threatens to win with Bf4.} Nd7 (13... b6 $1 $11 {remains equal.}) 14. exd5 $16 exd5 15. Qc2 $146 (15. Ne2 $1 $14) ({Predecessor:} 15. Ne2 Rh4 16. Bg2 Ne7 17. Qg3 Qxg3 18. fxg3 {1-0 (54) Schreiner,P (2472)-Krsnik Cohar,I (2353) Zadar 2016}) 15... Ne7 16. Bd3 $1 b6 17. cxb6 $1 Nxb6 {[#]} 18. Ne2 (18. h4 $1 $16) 18... Qd7 19. Bf4 Rxh3 20. O-O-O Rxh1 ({Better is} 20... Rf3 $14) 21. Rxh1 Nc4 22. Rh8 {[%mdl 1024] White has strong compensation.} ({Don't do} 22. Bxc4 $6 dxc4 23. Be5 (23. Qxc4 Qd5 $11) 23... Nf5 $11) 22... Nf5 {[#]} (22... Qd8 $16 23. Bxc4 dxc4) 23. b3 $1 $18 {[%cal Rb3c4]} ({Not} 23. Bxc4 dxc4 24. Qc3 (24. Qxc4 Qd5 $16) 24... O-O-O $14) 23... Ncd6 24. Qc5 Ke7 25. Be5 Rd8 26. Nf4 Re8 27. Kd1 Kd8 {[#]} 28. Rxf8 $1 {[%mdl 512]} Rxf8 29. Bxf5 $1 gxf5 30. Bxd6 Rh8 31. Be5 Rh1+ (31... Kc8 $142 32. Bxg7 Re8) 32. Kc2 Rf1 33. Nd3 {Intending Qf8+ and mate.} Ke8 34. Bxg7 {[%csl Gg7][%cal Rc5f8]} Kd8 35. Qf8+ Kc7 36. Be5+ {Precision: White = 67%, Black = 23%.} 1-0

[Event "World Team-ch Women 2017"]
[Site "Khanty-Mansyisk"]
[Date "2017.06.19"]
[Round "3"]
[White "Goryachkina, Aleksandra"]
[Black "Mammadova, Gulnar"]
[Result "1/2-1/2"]
[WhiteElo "2477"]
[BlackElo "2362"]
[Annotator "TA"]
[PlyCount "68"]
[EventDate "2017.??.??"]
[EventType "team-tourn"]
[EventCountry "RUS"]
[SourceTitle "playchess.com"]
[Source "ChessBase"]
[SourceQuality "1"]
[WhiteTeam "RUS"]
[BlackTeam "AZE"]
[WhiteTeamCountry "RUS"]
[BlackTeamCountry "AZE"]

{[%evp 23,68,9,29,28,31,29,36,27,42,19,19,15,27,17,45,43,52,48,67,2,0,17,47,49,85,62,209,106,291,272,281,67,67,62,144,0,0,0,0,-14,0,0,27,0,0,0,0]} 1. d4 d5 2. c4 c6 3. cxd5 cxd5 4. Bf4 Nc6 5. e3 Nf6 6. Nc3 Bf5 7. Qb3 Na5 8. Qa4+ {D10: Slav Defence: 3 cxd5 (without early Nf3) and 3 Nc3} Bd7 9. Qc2 e6 (9... Rc8 10. Bd3 e6 11. Nf3 b5 12. a3 Be7 13. Qe2 a6 14. Ne5 O-O 15. O-O Qb6 16. a4 b4 17. Nb1 Ra8 18. Bg5 Be8 19. Nd2 h6 20. Bh4 {1-0 (57) Howell,D (2684)-Melkumyan,H (2613) Minsk 2017}) 10. Bd3 Be7 11. h3 Rc8 12. Nf3 a6 {LiveBook: 5 Games} (12... b5 $5 {[%cal Rb5b4]}) 13. O-O O-O 14. Qe2 Nh5 15. Bh2 f5 16. Ne5 $146 ({Predecessor:} 16. Rfc1 Nf6 17. Rc2 {½-½ (49) Kolpak,S (2275)-Polyakov,D ICCF email 2011}) 16... Nf6 17. f3 Nc6 18. g4 fxg4 19. hxg4 Be8 20. Kg2 $36 {[%mdl 2048] Black is under pressure.} Nd7 21. Rh1 (21. Nxc6 $14 Rxc6 22. Rh1) 21... Ndxe5 $11 22. Bxe5 h6 23. Bg3 Bd6 24. f4 Qf6 {[#]} (24... Qd7 $14) 25. Bh4 (25. g5 $1 $18 {[%cal Rg5f6][%mdl 512]} Qe7 (25... hxg5 26. Bh7+) 26. gxh6) 25... g5 $2 {[#]} (25... Qf7 $16 {might work better.}) 26. fxg5 $1 $18 hxg5 27. Bh7+ $2 (27. Raf1 $18 Qd8 28. Bg3) 27... Kg7 $14 28. Raf1 Qd8 (28... Qe7 $1 $14 29. Bg3 Bxg3 30. Kxg3 Qd6+ 31. Kg2 Rxf1 32. Qxf1 Qf8) 29. Bf2 ({White should play} 29. Rxf8 $16 gxh4 30. Rxe8 Qxe8 31. Rxh4) 29... Ne7 $1 $11 30. Bb1 {Strongly threatening Rh7+.} (30. Bd3 $5 {[%cal Rh1h7]}) 30... Bg6 31. Rh3 Qd7 32. Rfh1 {Threatens to win with Bxg6.} Rh8 33. Rxh8 Rxh8 34. Rxh8 Kxh8 {Precision: White = 43%, Black = 25%.} 1/2-1/2

[Event "World Team-ch Women 2017"]
[Site "Khanty-Mansyisk"]
[Date "2017.06.19"]
[Round "3"]
[White "Khotenashvili, Bela"]
[Black "Moaataz, Ayah"]
[Result "1-0"]
[WhiteElo "2452"]
[BlackElo "2020"]
[Annotator "TA"]
[PlyCount "103"]
[EventDate "2017.??.??"]
[EventType "team-tourn"]
[EventCountry "RUS"]
[SourceTitle "playchess.com"]
[Source "ChessBase"]
[SourceQuality "1"]
[WhiteTeam "GEO"]
[BlackTeam "EGY"]
[WhiteTeamCountry "GEO"]
[BlackTeamCountry "EGY"]

{[%evp 20,103,0,-4,1,-8,39,30,46,0,36,27,68,54,133,124,198,191,235,220,297,265,277,278,272,269,375,366,362,360,368,368,367,345,364,350,445,270,398,300,292,161,289,202,256,268,271,265,258,259,344,191,275,271,332,330,361,360,391,380,371,386,330,330,464,464,482,479,470,457,458,453,412,402,558,545,538,537,526,513,773,743,825,816,866,722]} 1. Nf3 Nf6 2. g3 d5 3. Bg2 e6 4. O-O Be7 5. d3 c5 6. Nbd2 Nc6 7. e4 O-O 8. Re1 Qc7 9. c3 dxe4 10. dxe4 e5 11. Qc2 Rd8 {C00: French: Unusual White 2nd moves} (11... b5 12. a4 b4 13. Nc4 Be6 14. Bf1 Nd7 15. Ne3 Qb7 16. a5 a6 17. Nd2 Bg5 18. Ndc4 Bxe3 19. Bxe3 {1-0 (44) Kuderinov,K (2484)-Nasybullina,A (2190) Pavlodar 2016}) 12. Nc4 {[%cal Bd2c4,Bc4e3,Be3f5][%mdl 32]} b5 (12... Be6 $5 {[%cal Re6c4]} 13. Ne3 h6 $15) 13. Ne3 Bb7 {White has an edge.} 14. Nf5 (14. Nd5 $5 Qd6 15. Nh4 $14) 14... b4 $146 ({Predecessor:} 14... Ne8 15. Nxe7+ Nxe7 16. Ng5 Ng6 17. Be3 h6 18. Nh3 Nf6 19. f3 {½-½ (50) Schaad,P-Schweizer,R (2007) Triesen 2000}) 15. Bf1 Rac8 16. Bd2 (16. Bc4 $5 {[%cal Rc4f7]}) 16... Rd7 ({Black should play} 16... bxc3 $14 17. bxc3 h6) 17. Bg5 Qd8 (17... Rdd8 $16 {keeps fighting.}) 18. Nxe7+ $18 Qxe7 19. Bh3 Rd6 20. Nh4 {aiming for Nf5.} g6 21. Bxc8 Bxc8 22. Rad1 Bg4 23. Rxd6 Qxd6 24. f3 Bh3 25. Rd1 Qe6 26. Qd2 bxc3 27. bxc3 ({Not} 27. Qxc3 Nd7 $18) 27... h5 28. Qd6 Nd7 (28... Ne8 $142 29. Qxc5 Kg7) 29. Be3 Qxa2 30. Bf2 ({And not} 30. Qxc6 Qe2 $15) (30. g4 $142 Qe2 31. Qxd7 Qxe3+ 32. Kh1 hxg4 33. Qxc6) 30... Qe6 {[#]} (30... Qb3 {is a better defense.}) 31. Nf5 $1 {[%mdl 512]} Qxd6 (31... gxf5 32. Qxe6) 32. Rxd6 gxf5 33. Rxd7 fxe4 {[%mdl 4096] Endgame KRB-KBN} 34. Rc7 Na5 35. fxe4 (35. Rxc5 $142 Nb3 36. Rxe5) 35... Nb3 (35... Nc4 $142 36. Rxa7 Nd6 37. Bxc5 Nxe4) 36. Bxc5 a5 37. Be3 Be6 38. Kf2 Na1 39. Ra7 Nb3 40. Bg5 Kg7 41. Ke3 a4 (41... Kg6 $142 42. Bd8 Nc5) 42. Be7 f6 43. Rxa4 Kf7 44. Bb4 Bc4 45. Ba3 Be6 46. Bd6 Bg4 47. Ra3 {White is clearly winning.} Bd1 48. h3 Ke6 49. Bb4 Kd7 (49... Kf7 $142 50. Ra7+ Kg6) 50. Ra6 Kc7 51. Rxf6 Na1 52. Bd6+ {Precision: White = 71%, Black = 15%.} 1-0

[Event "World Team-ch Women 2017"]
[Site "Khanty-Mansyisk"]
[Date "2017.06.19"]
[Round "3"]
[White "Gaponenko, Inna"]
[Black "Tania, Sachdev"]
[Result "1-0"]
[WhiteElo "2429"]
[BlackElo "2408"]
[Annotator "TA"]
[PlyCount "165"]
[EventDate "2017.??.??"]
[EventType "team-tourn"]
[EventCountry "RUS"]
[SourceTitle "playchess.com"]
[Source "ChessBase"]
[SourceQuality "1"]
[WhiteTeam "UKR"]
[BlackTeam "IND"]
[WhiteTeamCountry "UKR"]
[BlackTeamCountry "IND"]

{[%evp 20,165,59,57,52,44,43,52,53,42,64,55,67,51,43,34,75,44,42,37,49,54,97,95,147,158,168,81,160,124,166,139,165,150,167,160,131,0,-9,-32,-39,-47,-54,-47,-48,-20,-33,-47,-42,-37,0,-21,-10,-30,0,0,0,0,65,63,71,61,279,279,279,279,279,279,279,272,272,248,272,272,295,200,515,515,493,471,661,661,661,661,637,583,539,427,530,417,999,970,951,917,692,693,691,693,686,691,654,589,604,577,1150,1389,1146,999,1242,968,1550,1816,12837,12837,12844,1650,1366,872,770,535,521,514,514,506,506,0,492,492,485,462,429,422,414,412,896,890,873,739,12843,12843,12844,12844,12845,12845,12845,12846,12846,12847]} 1. e4 c5 2. Nf3 e6 3. d4 cxd4 4. Nxd4 a6 5. c4 Nf6 6. Nc3 Qc7 7. a3 b6 8. Be3 Bb7 9. f3 d6 10. Be2 Be7 11. O-O O-O {B41: Sicilian: Kan Variation: 5 c4} 12. Rc1 Nbd7 13. Qe1 (13. Kh1 Rac8 14. b4 Rfd8 15. Bg1 Qb8 16. Nb3 {1-0 (50) Ponomariov,R (2712)-Wojtaszek,R (2727) Huaian 2016}) 13... Rac8 {White is slightly better.} 14. Qf2 Qb8 15. b4 Bd8 16. Na4 Ne5 17. Rfd1 $146 ({Predecessor:} 17. Nb2 d5 18. exd5 exd5 19. Nf5 Nxc4 20. Nxc4 dxc4 21. Bxc4 {1-0 (31) Spielmann,R-Tartakower,S Marienbad 1925}) 17... Nfd7 18. f4 Ng6 19. f5 Nge5 20. Qg3 $36 {[%mdl 2048] White has the initiative.} Bxe4 21. fxe6 fxe6 (21... Nf6 $142) 22. Nxe6 $16 {[%csl Ge6][%cal Rg3g7]} Rf7 23. Nc3 (23. Rf1 $18 {and White stays clearly on top.} Bf6 24. Nxb6) 23... Bf5 ({Black should try} 23... Bb7) 24. Nxd8 Rxd8 25. c5 bxc5 26. bxc5 dxc5 27. Bf4 Re8 28. Bxa6 (28. Bc4 $1 $16 {[%cal Rc4f7]} Be6 29. Rxd7 $1 {[%mdl 512]} Bxc4 30. Ne4 Nxd7 31. Bxb8 Rxe4 32. Bd6) 28... Qa7 29. Nb5 Qxa6 30. Nc7 Qc8 31. Nxe8 Qxe8 32. Bxe5 Nxe5 33. Rxc5 Nd7 34. Rcd5 Qe4 35. h3 h6 36. Qc3 Kh7 (36... Nf8 {is interesting.} 37. Re5 Qa4 38. Rf1 Bg6 39. Rxf7 Bxf7 40. Ra5 Qe4) 37. Qd4 {aiming for Qxe4.} Qxd4+ (37... Nf6 {is more complex.} 38. Re5 Qxd4+ 39. Rxd4 Bc2 40. a4 Rd7) 38. R1xd4 Nb6 ({Black should play} 38... Be6 $11 39. Rb5 Kg8) 39. Rb5 $14 Nc8 40. a4 {[%cal Ba3a4,Ba4a5,Ba5a6,Ba6a7][%mdl 32]} Rd7 $2 {[#]} ({Better is} 40... Kg6 $14) 41. Rxd7 $1 $18 Bxd7 42. Rb8 Be6 43. a5 Kg6 44. a6 Kf6 45. Kf2 g6 46. Rb7 Bd5 47. Rd7 Ke5 $2 (47... Ke6 {is more resistant.} 48. Rg7 Kf6) 48. a7 Nb6 49. Rd8 h5 (49... Ke6 $142 50. g4 h5) 50. h4 Na8 51. g3 Bh1 52. Rg8 Kf5 53. Rf8+ Ke5 54. Ke3 Bd5 (54... Nc7 $142 55. Rc8 Nd5+ 56. Kf2 Nb6 57. Re8+ Kf5) 55. Re8+ Kf5 56. Kd4 Bh1 57. Re5+ Kf6 58. Re1 Bg2 59. Rg1 Bb7 60. Rf1+ Ke6 61. Kc5 Ke5 62. Re1+ Kf5 63. Kd6 Kg4 64. Rb1 Bg2 65. Rb5 Be4 66. Rb4 Kf5 67. Kd7 (67. Ra4 $142 Nb6 {[#]} 68. Rxe4 $1 {[%mdl 512]} Kxe4 69. Kc6) 67... Bg2 68. Rb5+ Kf6 69. Kc8 Ke6 70. Kb8 Bh1 71. Rg5 Kf6 72. Rb5 Ke6 73. Rb3 Bg2 74. Rb2 Bh1 75. Kc8 Bd5 76. Kd8 Kf7 (76... Bf3 $142 77. Kc8 Bd5) 77. Kd7 {White is clearly winning.} Be4 78. Rf2+ Bf5+ 79. Kc6 Ke7 80. Re2+ Kd8 81. Kb7 Nc7 82. Rd2+ Bd7 83. Rd1 {Precision: White = 78%, Black = 35%.} 1-0

[Event "World Team-ch Women 2017"]
[Site "Khanty-Mansyisk"]
[Date "2017.06.19"]
[Round "3"]
[White "Zawadzka, Jolanta"]
[Black "Zatonskih, Anna"]
[Result "1/2-1/2"]
[WhiteElo "2426"]
[BlackElo "2419"]
[Annotator "TA"]
[PlyCount "68"]
[EventDate "2017.??.??"]
[EventType "team-tourn"]
[EventCountry "RUS"]
[SourceTitle "playchess.com"]
[Source "ChessBase"]
[SourceQuality "1"]
[WhiteTeam "POL"]
[BlackTeam "USA"]
[WhiteTeamCountry "POL"]
[BlackTeamCountry "USA"]

{[%evp 24,68,-16,-29,-25,-25,-16,-22,-24,-27,-22,-43,-28,-50,-25,-24,-24,-24,-22,-30,-22,-27,-25,-25,-8,-14,-7,-13,-3,-4,-5,-26,-19,-18,-18,-18,-25,-18,-20,-22,0,0,0,0,0,0,0]} 1. e4 e5 2. Nf3 Nf6 3. Nxe5 d6 4. Nf3 Nxe4 5. d4 d5 6. Bd3 Nc6 7. O-O Bg4 8. Re1 Be7 9. Bxe4 dxe4 {C42: Petroff Defence: 3 Nxe5 and unusual White 3rd moves} 10. Rxe4 Bxf3 11. Qxf3 Nxd4 12. Qd3 (12. Qd1 Ne6 13. Re1 Qxd1 14. Rxd1 O-O 15. Be3 Rfd8 16. Nd2 Bc5 17. Nc4 Bxe3 18. fxe3 Rxd1+ 19. Rxd1 {0-1 (66) Battulga,N (2402)-Bai,J (2564) China 2016}) 12... Ne6 13. Qe2 {LiveBook: 3 Games} O-O 14. Be3 Bf6 15. c3 Qd5 16. Nd2 Rad8 17. Rg4 $146 ({Predecessor:} 17. Qc4 Qxc4 18. Rxc4 {½-½ (29) Savic,M (2425)-Pajkovic,V (2405) Vrnjacka Banja 1998}) 17... Rfe8 18. Qf3 {[#] Black must now prevent Qxf6.} Bg5 {Threatens to win with ...Bxe3.} 19. Bxg5 Nxg5 20. Qxd5 Rxd5 21. Nf1 h5 22. Rb4 b6 23. h4 Nh7 24. Rc4 c5 25. b4 cxb4 26. cxb4 Nf6 27. a4 Re4 28. Rac1 Rxc4 29. Rxc4 $11 {[%mdl 4096] Endgame KRN-KRN} Rd1 30. g3 Ra1 {The position is equal.} 31. b5 g6 32. Kg2 Ng4 33. Ne3 Nxe3+ 34. fxe3 Kg7 {Precision: White = 51%, Black = 57%.} 1/2-1/2

[Event "World Team-ch Women 2017"]
[Site "Khanty-Mansyisk"]
[Date "2017.06.19"]
[Round "3"]
[White "Melia, Salome"]
[Black "Ehab, Tasneem"]
[Result "1-0"]
[WhiteElo "2393"]
[BlackElo "1750"]
[Annotator "TA"]
[PlyCount "87"]
[EventDate "2017.??.??"]
[EventType "team-tourn"]
[EventCountry "RUS"]
[SourceTitle "playchess.com"]
[Source "ChessBase"]
[SourceQuality "1"]
[WhiteTeam "GEO"]
[BlackTeam "EGY"]
[WhiteTeamCountry "GEO"]
[BlackTeamCountry "EGY"]

{[%evp 12,87,89,92,131,124,228,229,208,222,333,261,300,264,266,255,283,269,275,267,279,279,270,278,277,248,339,264,260,250,384,383,412,413,456,330,329,321,330,329,321,320,334,320,359,358,403,397,398,393,435,408,493,501,532,568,532,558,581,577,600,612,1156,1115,1510,1435,1339,1037,2262,2125,29982,29983,29988,29989,29989,29990,29995,29996]} 1. e4 c5 2. Nf3 g6 3. c3 d5 4. exd5 Qxd5 5. d4 Bg7 6. Na3 {B06: Modern Defence} (6. Be2 Nf6 7. c4 Qd8 8. d5 b5 9. O-O O-O 10. a3 bxc4 11. Bxc4 Nbd7 12. Nc3 Nb6 13. Qb3 Nxc4 14. Qxc4 Qb6 15. Re1 Ba6 16. Qh4 Rfe8 17. Ne5 Bb7 {0-1 (32) Bologan,V (2640)-Morozevich,A (2683) Sochi 2016}) 6... a6 7. Bc4 {LiveBook: 4 Games} Qe4+ 8. Be3 $1 {White is clearly better.} cxd4 {[#]} (8... Nh6 $16) 9. Bxf7+ $1 $18 {[%mdl 512]} Kf8 (9... Kxf7 10. Ng5+) 10. cxd4 $146 ({Predecessor:} 10. Bb3 Bg4 11. Nc2 d3 12. Nb4 Nc6 13. Qxd3 Bxf3 14. gxf3 Qxf3 15. Qd5 Qxd5 {½-½ (15) Adam,E (2043)-Delorme,A (2263) Calvi 2005}) 10... Bh6 (10... Nc6 {was worth a try.} 11. Qb3 Qf5) 11. Qb3 Bxe3 12. fxe3 Nf6 13. O-O $40 {[%mdl 128] White attacks with force.} Bf5 14. Ne5 Nc6 15. Nxc6 Qxc6 16. Rac1 Qd7 17. Nc4 {Black must now prevent Nb6.} Qb5 {...Qxb3 is the strong threat.} 18. Nb6 Rd8 19. a4 Qxb3 20. Bxb3 Be4 (20... Ke8 $142 21. Rc7 Rf8) 21. Rc7 Rd6 22. Nd7+ Ke8 23. Nxf6+ exf6 24. Rc8+ Rd8 {[#]} 25. Rxd8+ $1 Kxd8 26. Rxf6 {[%mdl 4096] Endgame KRB-KRB} Re8 27. Kf2 g5 28. Bd1 Ke7 29. Rb6 Kd7 30. Bf3 Kc7 31. a5 Rf8 32. Kg3 Re8 33. Bxe4 Rxe4 {KR-KR} 34. Kf3 Re7 35. e4 {[%cal Be3e4,Be4e5][%mdl 32]} g4+ 36. Kf4 h5 37. e5 Rd7 38. Ke4 Rf7 39. Rf6 Re7 40. d5 {[%cal Bd4d5,Bd5d6,Bd6d7][%mdl 32]} Kd7 41. d6 {White mates.} Re8 42. Kd5 Rg8 43. e6+ Ke8 44. d7+ {Precision: White = 96%, Black = 14%.} 1-0